Física iv /

Guardado en:
Autor Principal: Miguel, Carlos R.
Formato: Libro
Publicado: Buenos Aires : El Ateneo, 1992
Edición:27a. ed.
Etiquetas: Agregar Etiqueta
Sin Etiquetas, Sea el primero en etiquetar este registro!
LEADER 00413nam a22001575a 4500
001 CEM.cems004412
005 20060216000000.0
008 130507s1992##################000#0#####d
003 CEMS
082 0 4 |a 530 
100 1 |a Miguel, Carlos R. 
245 1 0 |a Física iv / 
250 |a 27a. ed. 
260 |a Buenos Aires :  |b El Ateneo,  |c 1992 
300 |a 268 p. 
859 |a CEMS  |b BIB. CEMS - 11 de abril  |h 530  |i M588-3a27/IV  |p 16701.92  |t Ej.1